Tilastot visalle Eu Maat

Klikkaa tästä pelataksesi tätä visaa!

Yleistilastot

  • Tätä visaa on pelattu 17 kertaa
  • Keskiarvotulos 26 / 28

Vastaustilastot

Vastaus% Oikein
Belgia
100%
Kreikka
100%
Viro
100%
Slovenia
100%
Slovakia
100%
Saksa
100%
Ranska
100%
Puola
100%
Portugali
100%
Latvia
100%
Espanja
100%
Italia
100%
Alankomaat
100%
Suomi
100%
Ruotsi
94%
Romania
94%
Unkari
94%
Irlanti
94%
Luxemburg
94%
Liettua
94%
Kroatia
88%
Bulgaria
82%
Tanska
82%
Tsekki
82%
Itävalta
82%
Malta
65%
Kypros
53%

Tulosjakauma

Persentiili vastausten määrän mukaan

Jokaisen tuloksen saaneiden osuus

Tuloshistoriasi

Et ole pelannut tätä visaa